MARC details
| 000 -CABECERA |
| campo de control de longitud fija |
01441nam a2200433 a 4500 |
| 001 - NÚMERO DE CONTROL |
| campo de control |
000108824 |
| 003 - IDENTIFICADOR DEL NÚMERO DE CONTROL |
| campo de control |
CHAP |
| 005 - FECHA Y HORA DE LA ÚLTIMA TRANSACCIÓN |
| campo de control |
20220329144026.0 |
| 008 - DATOS DE LONGITUD FIJA--INFORMACIÓN GENERAL |
| campo de control de longitud fija |
140313s2012 it af |r| ||||||eng d |
| 010 ## - NÚMERO DE CONTROL DE LA BIBLIOTECA DEL CONGRESO |
| Número de control de LC |
105286 |
| 011 ## - ENLACE DEL NUMERO DE CONTROL DE LA BIBLIOTECA DEL CONGRESO [OBSOLETO] |
| Número de control de LC |
106258 |
| 020 ## - NÚMERO INTERNACIONAL ESTÁNDAR DEL LIBRO |
| Número Internacional Estándar del Libro |
9789251067192 |
| 040 ## - FUENTE DE LA CATALOGACIÓN |
| Centro/agencia transcriptor |
CHAP |
| 082 04 - NÚMERO DE LA CLASIFICACIÓN DECIMAL DEWEY |
| Número de clasificación |
639.3731 |
| Número de documento/Ítem |
F3y v.6 |
| 245 00 - MENCIÓN DE TÍTULO |
| Título |
Commercially important sea cucumbers of the world / |
| Mención de responsabilidad, etc. |
por Steven W. Purcell, Yves Samyn y Chantal Conand. |
| 260 ## - PUBLICACIÓN, DISTRIBUCIÓN, ETC. |
| Lugar de publicación, distribución, etc. |
Roma : |
| Nombre del editor, distribuidor, etc. |
FAO, |
| Fecha de publicación, distribución, etc. |
2012. |
| 300 ## - DESCRIPCIÓN FÍSICA |
| Extensión |
viii, 150 p. : |
| Otras características físicas |
il., láminas en color. |
| 490 1# - MENCIÓN DE SERIE |
| Mención de serie |
FAO. Species catalogue for fishery purposes |
| Designación de volumen o secuencia |
; 6 |
| 590 ## - NOTA LOCAL (RLIN) |
| Nota local |
E11695DGD |
| Procedencia (VM) [OBSOLETO] |
10 |
| Condición del los carretes individuales (VM) [OBSOLETO] |
20141008 |
| -- |
UCH01 |
| -- |
1318 |
| 590 ## - NOTA LOCAL (RLIN) |
| Nota local |
E11695DGD |
| Procedencia (VM) [OBSOLETO] |
10 |
| Condición del los carretes individuales (VM) [OBSOLETO] |
20141008 |
| -- |
UCH01 |
| -- |
1318 |
| 590 ## - NOTA LOCAL (RLIN) |
| Nota local |
E11695DGD |
| Procedencia (VM) [OBSOLETO] |
10 |
| Condición del los carretes individuales (VM) [OBSOLETO] |
20141008 |
| -- |
UCH01 |
| -- |
1318 |
| 590 ## - NOTA LOCAL (RLIN) |
| Nota local |
E5995AHE |
| Procedencia (VM) [OBSOLETO] |
05 |
| Condición del los carretes individuales (VM) [OBSOLETO] |
20140313 |
| -- |
UCH01 |
| -- |
1400 |
| 590 ## - NOTA LOCAL (RLIN) |
| Nota local |
E5995AHE |
| Procedencia (VM) [OBSOLETO] |
05 |
| Condición del los carretes individuales (VM) [OBSOLETO] |
20140313 |
| -- |
UCH01 |
| -- |
1430 |
| 590 ## - NOTA LOCAL (RLIN) |
| Nota local |
E5995AHE |
| Procedencia (VM) [OBSOLETO] |
05 |
| Condición del los carretes individuales (VM) [OBSOLETO] |
20140313 |
| -- |
UCH01 |
| -- |
1451 |
| 650 #4 - PUNTO DE ACCESO ADICIONAL DE MATERIA--TÉRMINO DE MATERIA |
| Término de materia o nombre geográfico como elemento de entrada |
Administración pesquera |
| 9 (RLIN) |
933 |
| 650 #4 - PUNTO DE ACCESO ADICIONAL DE MATERIA--TÉRMINO DE MATERIA |
| Término de materia o nombre geográfico como elemento de entrada |
Animales domésticos |
| Subdivisión general |
Anatomía y fisiología. |
| 9 (RLIN) |
5892 |
| 650 #4 - PUNTO DE ACCESO ADICIONAL DE MATERIA--TÉRMINO DE MATERIA |
| Término de materia o nombre geográfico como elemento de entrada |
Cohombro de mar. |
| 9 (RLIN) |
24383 |
| 650 #4 - PUNTO DE ACCESO ADICIONAL DE MATERIA--TÉRMINO DE MATERIA |
| Término de materia o nombre geográfico como elemento de entrada |
Consumo. |
| 9 (RLIN) |
27420 |
| 650 #4 - PUNTO DE ACCESO ADICIONAL DE MATERIA--TÉRMINO DE MATERIA |
| Término de materia o nombre geográfico como elemento de entrada |
Derechos de pesca. |
| 9 (RLIN) |
125628 |
| 650 #4 - PUNTO DE ACCESO ADICIONAL DE MATERIA--TÉRMINO DE MATERIA |
| Término de materia o nombre geográfico como elemento de entrada |
Especies. |
| 9 (RLIN) |
37790 |
| 650 #4 - PUNTO DE ACCESO ADICIONAL DE MATERIA--TÉRMINO DE MATERIA |
| Término de materia o nombre geográfico como elemento de entrada |
Mercados. |
| 9 (RLIN) |
74925 |
| 700 0# - PUNTO DE ACCESO ADICIONAL--NOMBRE DE PERSONA |
| Nombre de persona |
Conand, C. |
| 9 (RLIN) |
26275 |
| 700 1# - PUNTO DE ACCESO ADICIONAL--NOMBRE DE PERSONA |
| Nombre de persona |
Purcell, Steven W. |
| 9 (RLIN) |
93039 |
| 700 1# - PUNTO DE ACCESO ADICIONAL--NOMBRE DE PERSONA |
| Nombre de persona |
Samyn, Yves |
| 9 (RLIN) |
125878 |
| 830 00 - PUNTO DE ACCESO ADICIONAL DE SERIE-TÍTULO UNIFORME |
| Título uniforme |
FAO. Species catalogue for fishery purposes |
| Designación de volumen o secuencia |
; 6 |
| 9 (RLIN) |
39701 |
| 901 ## - ELEMENTOS DE DATOS A LOCAL LDA (RLIN) |
| a |
BK |
| 942 ## - ELEMENTOS DE PUNTO DE ACCESO ADICIONAL (KOHA) |
| Tipo de ítem Koha |
Libro |
| 942 ## - ELEMENTOS DE PUNTO DE ACCESO ADICIONAL (KOHA) |
| Suprimir en OPAC |
0 |